| 000 | 01293nam a2200121Ia 4500 | ||
|---|---|---|---|
| 008 | 220615s9999||||xx |||||||||||||| ||und|| | ||
| 245 | 0 |
_aMathematical and Numerical Analysis of Nonlinear Evolution Equations _bAdvances and Perspectives |
|
| 546 | _aEnglish[eng] | ||
| 650 | _aboundedness||delay||Hopf bifurcation||Lyapunov functional||stability||SEIQRS-V model||kinetic theory||integro-differential equations||complex systems||evolution equations||thermostat||nonequilibrium stationary states||discrete Fourier transform||discrete kinetic theory||nonlinearity||fractional operators||Cahn–Hilliard systems||well-posedness||regularity||optimal control||necessary optimality conditions||Schrödinger equation||Davydov’s model||partial differential equations||exact solutions||fractional derivative||abstract Cauchy problem||C0−semigroup||inverse problem||active particles||autoimmune disease||degenerate equations||real activity variable||Cauchy problem||electric circuit equations||wardoski contraction||almost (s, q)—Jaggi-type||b—metric-like spaces||second-order differential equations||dynamical systems||compartment model||epidemics||basic reproduction number | ||
| 700 | _aBianca, Carlo | ||
| 856 | _uhttps://mdpi.com/books/pdfview/book/2932 | ||
| 942 | _cEB | ||
| 999 |
_c16006 _d16006 |
||